000 00371nam a2200133Ia 4500
008 240624s9999 xx 000 0 und d
041 _aeng
082 _a658.4063 CHE
100 _aCHESBROUGH HENRY
245 _aOPEN INNOVATION THE NEW IMPERATIVE FOR C
260 _c2006
_aNew Delhi
_bHarvard Business Publishing
300 _axxxi, : 227 : p. : cm. ; 22
365 _cRS
999 _c28716
_d28716